000
00253 a2200109 4500
001
72191
082
_a
297.1247 ROB
090
_c
38812
_d
38812
100
_a
Robson,J
245
_a
Mishkat ul- Masabih (Vol-I)
_c
Robson
260
_a
Lahore
_b
Sh M Ashraf
942
_a
CAENUST
_k
297.1247 ROB
999
_c
307264
_d
307264